00599nam a2200181 a 45000010005000000030005000050050017000100080041000270200015000680400026000831000033001092450113001422600033002553000011002884900034002996500052003337000032003852706CDMR20130515135851.0130130s1999||||||||||||||||||||||||||||d a8449306043 aCDMRbcatcCPC GIRONA1 aFernández Díez, Federico10aManual básico de lenguaje y narrativa audiovisualcFederico Fernández Díez, José Martínez Abadía cDL 1998bPaidósaBarcelona a269 p.0 aPapeles de Comunicaciónv2204aComunicació audiovisualxManuals, guies, etc.1 aMartínez Abadía, José